| 000 | 01019nam a22001937a 4500 | ||
|---|---|---|---|
| 003 | OSt | ||
| 005 | 20251008151440.0 | ||
| 008 | 251008b |||||||| |||| 00| 0 eng d | ||
| 020 | _a9789360614515 | ||
| 040 | _ckul | ||
| 082 | _a297.4 YAS | ||
| 084 | _2Colon Classification | ||
| 100 |
_aMuhammad Yaser _92766 |
||
| 245 |
_aSufism _b: Islam's Contribution to Metaphysics |
||
| 260 |
_aNew Delhi, _bPinakin Publishing, _c2025. |
||
| 300 | _a272p. | ||
| 520 | _a“Sufism: Islam’s Contribution to Metaphysics” explores the metaphysical dimensions of Sufism and its impact on Islamic philosophy. The book delves into the mystical aspects of Sufi thought, examining how Sufism contributes to understanding concepts such as divine unity, the nature of existence, and spiritual enlightenment. This book provides a detailed analysis of key Sufi thinkers and their philosophical contributions, making it a valuable resource for scholars and students interested in Islamic metaphysics and mysticism. | ||
| 942 |
_2ddc _cBK |
||
| 999 |
_c752131 _d752131 |
||